The Power of the consumer : how the consumer health industry can succeed with the next generation of consumers October 2010.
| Format: | Book |
|---|---|
| Published: |
London:
Euromonitor,
2010.
|
| Subjects: |
| LEADER | 00424cam a2200121 7i4500 | ||
|---|---|---|---|
| 001 | 0000025941 | ||
| 005 | 20110222090000.0 | ||
| 090 | 0 | 0 | |a P 362.1 |b POW |
| 245 | 0 | 0 | |a The Power of the consumer : |b how the consumer health industry can succeed with the next generation of consumers October 2010. |
| 260 | 0 | 0 | |a London: |b Euromonitor, |c 2010. |
| 300 | # | # | |a 64p. |
| 650 | 0 | 0 | |a Consumer health |
| 999 | |a B000028291 |b Book |c Products |e Business Information Centre | ||